000
00279nam a22001337a 4500
008
170209b xxu||||| |||| 00| 0 eng d
020
_a
2801560534763
041
_a
eng
080
_a
61
100
_a
4
101
_a
SHM
245
_a
MEDICAL SECRETS
_c
ZOLLO .J
942
_2
udc
_c
BK
999
_c
5044
_d
5044